000
00317nam a22001337a 4500
999
_c
535231
_d
535231
020
_a
978-93-86391-30-8
040
_c
MSOHAIL
082
_a
546.4
_b
BAL
100
_a
Neelam Baliyan
_9
29680
245
_a
Rare Earth Elements
260
_a
Random Publications
_b
New Delhi
_c
c2018
300
_a
266;p
942
_2
ddc
_c
BK